Reflections on The Principle of Surprise & Deception (Record no. 551478)
[ view plain ]
| 000 -LEADER | |
|---|---|
| fixed length control field | 00305nam a22001097a 4500 |
| 082 ## - DEWEY DECIMAL CLASSIFICATION NUMBER | |
| Classification number | 355.02 |
| Author Mark | ATI |
| -- | L-30-II, P-48 |
| 245 ## - TITLE STATEMENT | |
| Title | Reflections on The Principle of Surprise & Deception |
| 260 ## - PUBLICATION, DISTRIBUTION, ETC. | |
| Place of publication, distribution, etc. | Lahore |
| Date of publication, distribution, etc. | c1977 |
| 300 ## - PHYSICAL DESCRIPTION | |
| Extent | P-113 |
| Other physical details | ill |
| Dimensions | 18cm |
| 526 ## - STUDY PROGRAM INFORMATION NOTE | |
| Program name | 0 |
| Interest level | 0 |
| Reading level | 0 |
| Title point value | 355_020000000000000_ATI |
| 942 ## - ADDED ENTRY ELEMENTS (KOHA) | |
| Source of classification or shelving scheme | |
| Koha item type | Book |
| Withdrawn status | Lost status | Source of classification or shelving scheme | Damaged status | Not for loan | Permanent Location | Current Location | Date acquired | Total Checkouts | Full call number | Barcode | Date last seen | Price effective from | Koha item type |
|---|---|---|---|---|---|---|---|---|---|---|---|---|---|
| Military College of Engineering (MCE) | Military College of Engineering (MCE) | 12/15/2014 | 355.02 ATI | MCE-9012 | 12/15/2014 | 12/15/2014 | Book |
